| 000 | 00000nam##2200000za#4500 |
| 001 | 9.599811 |
| 003 | CaOODSP |
| 005 | 20240501092931 |
| 007 | cr ||||||||||| |
| 008 | 150406|2007||||xxc|||||o f|0| 0 fre|d |
| 040 | |aCaOODSP|bfre |
| 043 | |an-cn--- |
| 086 | 1 |aPS83-3/182F-PDF |
| 110 | 2 |aService correctionnel Canada. |
| 245 | 13|aUn aperçu de la surveillance électronique au sein du système correctionnel : |h[ressource électronique]|bquestions et répercussions / |c[par] Shauna Bottos. |
| 260 | |bService correctionnel Canada |cAvril 2007. |
| 300 | |a36p.|bréférences |
| 490 | 1 |aRapport de recherche|vR-182 |
| 590 | |a11-01-Supp|b2011-01-11 |
| 720 | 1 |aBottos, Shauna |
| 775 | 08|tAn overview of electronic monitoring in corrections : |w(CaOODSP)9.568535 |
| 830 | #0|aRapport de recherche (Service correctionnel Canada. Direction de la recherche)|vR-182|w(CaOODSP)9.502465 |
| 856 | 40|ahttp://publications.gc.ca|qPDF|s145 Ko|uhttps://publications.gc.ca/collections/collection_2010/scc-csc/PS83-3-182-fra.pdf|yR-182 |